[Event "Titled Tuesday intern op 31st Aug"]
[Site "Chess.com INT"]
[Date "2021.08.31"]
[Round "3"]
[White "Castellanos Hernandez, Geo"]
[Black "Xie, Bryan"]
[Result "0-1"]
[WhiteElo "1563"]
[BlackElo "1998"]
[PlyCount "68"]
[EventDate "2021.08.31"]
[EventType "swiss (blitz)"]
[EventRounds "11"]
[EventCountry "USA"]
[SourceTitle "EXT 2022"]
[Source "ChessBase"]
[SourceDate "2021.10.06"]
[SourceVersion "1"]
[SourceVersionDate "2021.10.06"]
[SourceQuality "1"]

1. e4 c5 2. Nc3 Nc6 3. Nf3 g6 4. d4 cxd4 5. Nxd4 Bg7 6. Be3 Nf6 7. Bc4 0-0 8. 0-0 d6 9. h3 Bd7 10. f4 Rc8 11. Bb3 Nxd4 12. Bxd4 a5 13. a4 Bc6 14. Qe2 Nd7 15. Bxg7 Kxg7 16. f5 Nc5 17. Ba2 Qb6 18. Kh1 Qxb2 19. Qe3 Qxc2 20. Bb1 Qb3 21. Ba2 Qc2 22. Bb1 Qb2 23. Ba2 Nxa4 24. Nxa4 Bxa4 25. fxg6 fxg6 26. Rfb1 Qe5 27. Bd5 Bc2 28. Rc1 b5 29. Rxa5 b4 30. Qd2 Bxe4 31. Re1 Rc2 32. Qxb4 Rff2 33. Qxe4 Qg3 34. Re3 Rf1# 0-1

[Event "Titled Tuesday intern op 20th July"]
[Site "Chess.com INT"]
[Date "2021.07.20"]
[Round "2"]
[White "Castellanos Hernandez, Geo"]
[Black "Buchenau, Frank"]
[Result "0-1"]
[WhiteElo "1563"]
[BlackElo "2317"]
[PlyCount "70"]
[EventDate "2021.07.20"]
[EventType "swiss (blitz)"]
[EventRounds "11"]
[EventCountry "USA"]
[SourceTitle "CBM 203 Extra"]
[Source "ChessBase"]
[SourceDate "2021.09.30"]
[SourceVersion "1"]
[SourceVersionDate "2021.09.30"]
[SourceQuality "1"]

1. e4 e6 2. d4 d5 3. e5 c5 4. c3 Qb6 5. Nf3 Bd7 6. Be2 cxd4 7. cxd4 Bb5 8. 0-0 Bxe2 9. Qxe2 Nc6 10. Be3 Nge7 11. Nc3 Nf5 12. Na4 Qa5 13. b3 Ba3 14. Rfd1 0-0 15. Ng5 b5 16. Nb2 Qc3 17. Qf1 Nxe3 18. fxe3 Bxb2 19. Rd3 Qc2 20. Rad1 Nb4 21. R3d2 Qg6 22. Nf3 Bc3 23. Rf2 a6 24. a3 Nc6 25. Rc1 Rfc8 26. Rxc3 Nxd4 27. Rxc8+ Rxc8 28. exd4 Rc3 29. Rb2 Qe4 30. a4 Qe3+ 31. Kh1 Rxb3 32. Rc2 h6 33. axb5 axb5 34. Nd2 Qd3 35. Qd1 Qxd4 0-1

[Event "Titled Tuesday intern op 20th July"]
[Site "Chess.com INT"]
[Date "2021.07.20"]
[Round "8"]
[White "Castellanos Hernandez, Geo"]
[Black "Markelova, Lubov"]
[Result "1-0"]
[WhiteElo "1563"]
[BlackElo "2144"]
[PlyCount "47"]
[EventDate "2021.07.20"]
[EventType "swiss (blitz)"]
[EventRounds "11"]
[EventCountry "USA"]
[SourceTitle "CBM 203 Extra"]
[Source "ChessBase"]
[SourceDate "2021.09.30"]
[SourceVersion "1"]
[SourceVersionDate "2021.09.30"]
[SourceQuality "1"]

1. e4 e6 2. d4 d5 3. e5 c5 4. c3 Nc6 5. Nf3 Qb6 6. Bd3 cxd4 7. cxd4 Nh6 8. 0-0 Nf5 9. Bxf5 exf5 10. Nc3 Be6 11. Re1 Be7 12. b3 0-0 13. Bg5 Bb4 14. Qd3 Rac8 15. Rac1 Qa5 16. Bd2 Bxc3 17. Rxc3 Qxa2 18. Rcc1 Na5 19. Rb1 b6 20. Bb4 Rfe8 21. Re2 Rc1+ 22. Rxc1 Qxb3 23. Qxb3 Nxb3 24. Rb1 1-0

[Event "Titled Tuesday intern op 20th July"]
[Site "Chess.com INT"]
[Date "2021.07.20"]
[Round "10"]
[White "Lauridsen, Jesper Morch"]
[Black "Castellanos Hernandez, Geo"]
[Result "1-0"]
[WhiteElo "2215"]
[BlackElo "1563"]
[PlyCount "91"]
[EventDate "2021.07.20"]
[EventType "swiss (blitz)"]
[EventRounds "11"]
[EventCountry "USA"]
[SourceTitle "CBM 203 Extra"]
[Source "ChessBase"]
[SourceDate "2021.09.30"]
[SourceVersion "1"]
[SourceVersionDate "2021.09.30"]
[SourceQuality "1"]

1. e4 e5 2. Nf3 Nc6 3. d4 exd4 4. Nxd4 Bc5 5. Nb3 Bb6 6. Qe2 d6 7. Be3 Nf6 8. Nc3 0-0 9. 0-0-0 Re8 10. Bxb6 axb6 11. f3 Be6 12. Kb1 Qb8 13. g4 Nd7 14. h4 Qa7 15. a3 Bxb3 16. cxb3 Nc5 17. Qc2 Nb4 18. Qf2 Nc6 19. Nb5 Qb8 20. b4 Na4 21. Bc4 Ne5 22. Bb3 Rd8 23. Rhg1 c6 24. Bxa4 Rxa4 25. Nc3 Ra8 26. Qxb6 Nc4 27. Qd4 b5 28. f4 Ra6 29. h5 Qa8 30. h6 f6 31. hxg7 Rxa3 32. Qxf6 Ra1+ 33. Kc2 Ne3+ 34. Kd3 Nxd1 35. Qe6+ Kxg7 36. Qe7+ Kg8 37. Nxd1 d5 38. e5 c5 39. Rh1 c4+ 40. Ke2 Re8 41. Qxh7+ Kf8 42. Qh6+ Ke7 43. Qd6+ Kf7 44. Rh7+ Kg8 45. Qg6+ Kf8 46. Qf7# 1-0

[Event "Titled Tuesday intern op 13th July"]
[Site "Chess.com INT"]
[Date "2021.07.13"]
[Round "10"]
[White "Castellanos Hernandez, Geo"]
[Black "Rodrigues, Afonso"]
[Result "0-1"]
[WhiteElo "1563"]
[BlackElo "2085"]
[PlyCount "32"]
[EventDate "2021.07.13"]
[EventType "swiss (blitz)"]
[EventRounds "11"]
[EventCountry "USA"]
[SourceTitle "CBM 203 Extra"]
[Source "ChessBase"]
[SourceDate "2021.09.30"]
[SourceVersion "1"]
[SourceVersionDate "2021.09.30"]
[SourceQuality "1"]

1. e4 d5 2. exd5 Nf6 3. Nc3 Nxd5 4. Nxd5 Qxd5 5. d4 Nc6 6. Nf3 Bg4 7. Be3 Bxf3 8. gxf3 0-0-0 9. c3 e5 10. Qa4 exd4 11. 0-0-0 Bc5 12. Bh3+ Kb8 13. Bd2 Qxf3 14. Bf1 dxc3 15. Bxc3 Rxd1+ 16. Qxd1 Qxh1 0-1

[Event "Titled Tuesday intern op 13th July"]
[Site "Chess.com INT"]
[Date "2021.07.13"]
[Round "5"]
[White "Castellanos Hernandez, Geo"]
[Black "Trapeznikova, Darya"]
[Result "0-1"]
[WhiteElo "1563"]
[BlackElo "2072"]
[PlyCount "78"]
[EventDate "2021.07.13"]
[EventType "swiss (blitz)"]
[EventRounds "11"]
[EventCountry "USA"]
[SourceTitle "CBM 203 Extra"]
[Source "ChessBase"]
[SourceDate "2021.09.30"]
[SourceVersion "1"]
[SourceVersionDate "2021.09.30"]
[SourceQuality "1"]

1. e4 c5 2. Nc3 Nc6 3. Nf3 e5 4. Bb5 d6 5. 0-0 Be7 6. d3 Nf6 7. Bg5 0-0 8. a4 Be6 9. Re1 Nd4 10. Nxd4 cxd4 11. Ne2 Rc8 12. a5 d5 13. f4 dxe4 14. fxe5 Ng4 15. Bxe7 Qxe7 16. dxe4 Qh4 17. h3 Qf2+ 18. Kh1 Qh4 19. Qxd4 Rxc2 20. Kg1 Nh6 21. Qxa7 Bxh3 22. Qf2 Qxf2+ 23. Kxf2 Be6 24. Reb1 Ng4+ 25. Kg3 Nxe5 26. a6 bxa6 27. Bxa6 Rb8 28. Nd4 Rcxb2 29. Rxb2 Rxb2 30. Bb5 h6 31. Kf4 Ng6+ 32. Ke3 Rxg2 33. Bd3 Rb2 34. Ra8+ Kh7 35. Nxe6 fxe6 36. Ra7 e5 37. Bc4 Rg2 38. Bf7 Nf4 39. Ra8 Rg3+ 0-1